| 000 | 00438nam a2200145Ia 4500 | ||
|---|---|---|---|
| 005 | 20240821155849.0 | ||
| 008 | 240821s9999||||xx |||||||||||||| ||und|| | ||
| 082 | _a660.6 STE | ||
| 100 | _aStephenson, Frank H. | ||
| 245 | 0 | _aCalculations in molecular biology and biotechnology: a guide to mathematics in the laboratory | |
| 260 |
_aCalifornia _bAcademic Press _c2003 |
||
| 300 | _a303p | ||
| 650 | _aChemical engineering | ||
| 942 | _cBK | ||
| 999 |
_c135818 _d135818 |
||